| 000 | 00458nam a2200169Ia 4500 | ||
|---|---|---|---|
| 020 | _a(hb) | ||
| 082 |
_a954.91 _bSYM |
||
| 100 |
_aSymonds, Richard _946503 |
||
| 245 | _aThe Making of Pakistan | ||
| 260 |
_aIslamabad: _bNational Book Foundation , _c1976 |
||
| 300 | _a231p | ||
| 526 |
_a0 _b0 _c0 _d954_910000000000000_SYM |
||
| 650 |
_aMCe _9379 |
||
| 650 |
_aPakistan -- History -- 1947 -- _946351 |
||
| 650 |
_aPakistan Movement _9203 |
||
| 942 |
_2ddc _cBK |
||
| 999 |
_c550031 _d550031 |
||